Výskum vplyvu mazadiel na množstvo zvyškového mazadla : Diplomová práca

Salvato in:
Dettagli Bibliografici
Autore principale: Nagy, Szabolcs (Autore)
Altri autori: Tittel, Viktor, 1948- (xxx)
Natura: Manoscritto Libro
Lingua:slovacco
Pubblicazione: Trnava : STU v Bratislave MtF KTv, 2006
Soggetti:
Tags: Aggiungi Tag
Nessun Tag, puoi essere il primo ad aggiungerne!!

MARC

LEADER 00000ntm a22000003a 4500
001 stu121548
005 20160719155529.1
008 060621s2006----xo------------------slo-d
040 |a STU  |b slo 
041 0 |a slo 
044 |a xo 
100 1 |a Nagy, Szabolcs  |4 aut 
245 1 |a Výskum vplyvu mazadiel na množstvo zvyškového mazadla :  |b Diplomová práca 
260 |a Trnava :  |b STU v Bratislave MtF KTv,  |c 2006 
300 |a 65 s  |c 1 CD 
650 7 |a technológie strojárskej výroby  |2 stusub 
650 7 |a tvárnenie  |2 stusub 
650 7 |a mazivá  |2 stusub 
700 1 |a Tittel, Viktor,  |d 1948-  |4 xxx  |u M3000  |U MTF Materiálovotechnologická fakulta  |T MTF Ústav výrobných technológií  |X 2213  |U M3000  |Y 83  |7 A000002213 
700 1 |a Habala, Ján  |4 csl 
996 |b 284M073486  |c M*DP-6080  |l MMSKP  |s P  |a 0  |w stu121548_0001